000 00798nam a22002537a 4500
001 BR9601509
003 BR-BrBNA
005 20230928094940.0
007 ta
008 230509b bl.||||| |||| 00| 0 por d
040 _aBR-BrBNA
_bpor
_cBiblioteca Nacional de Agricultura
041 _a(Por)
072 _aE16; C20
090 _ E16 BR9601509
110 1 _aEmpresa de Assistencia Tecnica e Extensao Rural do Estado do Piaui, Teresina (Brasil)
_94045
245 1 _aProposta de sistemas de producao para o projeto Vale do Parnaiba regiao do Medio Parnaiba (Sub area 3)
260 3 _aTeresina, PI (Brasil):
_c1982.
300 _a24 p.
650 _aSistema de Producao
650 _aAssistencia Tecnica
650 _aExtensao Rural
909 _a202309
_bLucia
_c55
_dLucia Elande
942 _cBK
999 _c53605
_d53605